• 首页
  • 本馆介绍
  • 公告通知
  • 最新文献
  • 馆藏检索
  • 电子资源
  • 读者导购
  • 参考咨询
  • 我的图书馆
  • 登录
  • 详细信息显示
  • 放入我的书架
  • 预约/预借图书
  • 作者相关作品
  • 分类相关作品
  • 丛书相关作品
  • 出版社相关作品

书目信息

  • 表格格式
  • 工作单格式
  • 卡片格式
题名:
绿叶类蔬菜病虫害诊治原色图鉴
    
 
作者: 吕佩珂 , 苏慧兰 , 李秀英 主编
分册:  
出版信息: 北京   化学工业出版社  2017.1
页数: 179页
开本: 21cm
丛书名: 现代蔬菜病虫害防治丛书
单 册:
中图分类: S436.36-64
科图分类:
主题词: 绿叶蔬菜--病虫害防治--图集
电子资源:
ISBN: 978-7-122-28440-2
000 01201nam 2200301 450
001 0400002991
005 20171025151353.34
010    @a978-7-122-28440-2@dCNY39.00
100    @a20170215e2017 em y0chiy50 ea
101 0  @achi
102    @aCN@b110000
105    @aa z 000yy
106    @ar
200 1  @a绿叶类蔬菜病虫害诊治原色图鉴@9lv ye lei shu cai bing chong hai zhen zhi yuan se tu jian@f吕佩珂,苏慧兰,李秀英主编
205    @a第2版
210    @a北京@c化学工业出版社@d2017.1
215    @a179页@d21cm
225 1  @a现代蔬菜病虫害防治丛书
307    @a实际页数为:180
330    @a本书紧密围绕无公害蔬菜生产需要,针对蔬菜生产上可能遇到的大多数病虫害,包括不断出现的新病虫害,不仅提供了可靠的传统防治方法,也挖掘了不少新的、现代的防治方法。全书图文并茂,介绍了38种绿叶蔬菜,274种病虫害,图文结合,不仅有宏观的症状特写照片、病原生物各期照片,还有病原菌显微照片、图片等。
461  0 @12001 @a现代蔬菜病虫害防治丛书
606 0  @a绿叶蔬菜@x病虫害防治@j图集
690    @aS436.36-64@v5
701  0 @a吕佩珂@9lv pei ke@4主编
701  0 @a苏慧兰@9su hui lan@4主编
701  0 @a李秀英@9li xiu ying@4主编
801  0 @aCN@b91MARC@c20171021
905    @b1021368-72@dS436.36-64@f5@e128=2
    
    绿叶类蔬菜病虫害诊治原色图鉴/吕佩珂,苏慧兰,李秀英主编.-第2版.-北京:化学工业出版社,2017.1
    179页;21cm.-(现代蔬菜病虫害防治丛书)
    
    
    ISBN 978-7-122-28440-2:CNY39.00
    本书紧密围绕无公害蔬菜生产需要,针对蔬菜生产上可能遇到的大多数病虫害,包括不断出现的新病虫害,不仅提供了可靠的传统防治方法,也挖掘了不少新的、现代的防治方法。全书图文并茂,介绍了38种绿叶蔬菜,274种病虫害,图文结合,不仅有宏观的症状特写照片、病原生物各期照片,还有病原菌显微照片、图片等。
●
相关链接 在E读中查询图书 在五车中查询图书 在当当中查询图书 在豆瓣中查询图书


正题名:绿叶类蔬菜病虫害诊治原色图鉴     索取号:S436.36-64/128=2         预约/预借

序号 登录号 条形码 馆藏地/架位号 状态 备注
1 1021368   210213687   第二样本阅览室/ [索取号:S436.36-64/128=2] 在馆    
2 1021369   210213696   密集书库-生命科学系/ [索取号:S436.36-64/128=2] 在馆    
3 1021370   210213703   第三借阅区/ [索取号:S436.36-64/128=2] 在馆    
4 1021371   210213712   第三借阅区/ [索取号:S436.36-64/128=2] 在馆    
5 1021372   210213721   第三借阅区/ [索取号:S436.36-64/128=2] 在馆    
唐山师范学院图书馆 欢迎您!
大连网信软件有限公司© 版权所有